Ligne 15 des TPG : tous les arrêts - Statistiques

Statistiques générales
  • Ce quiz a été pris 13 fois
  • Le résultat moyen est 17 sur 23
Statistiques - réponses
Connexions Arrêt % Correct
5, 8, 11, 20, 22, 60, 61, C7 Genève, Nations
100%
17, 91 Genève, Uni-Mail
100%
1, 3, 5, 6, 8, 9, 10, 14, 18, 19, 20, 25, 60, 61, E+, G+ Genève, gare Cornavin
90%
1, 12, 17, 18 Genève, Plainpalais
90%
48, 82 Plan-les-Ouates, ZIPLO
90%
17 Genève, Acacias
80%
1, 2, 19, 91 Genève, Cirque
80%
17 Genève, Industrielle
80%
Genève, Maison de la Paix
80%
1, 14, 80 Genève, Stand
80%
17 Carouge, Pictet-Thellusson
70%
Genève, Butini
70%
Genève, Collège Sismondi
70%
18, 22, 23 Grand-Lancy, Palettes
70%
1 (direction Nations) Genève, Goulart
60%
1, 7 (direction ZIPLO) Genève, Mercier
60%
Genève, Môle
60%
C9 Grand-Lancy, Curé-Baud
60%
43 Grand-Lancy, Mairie de Lancy
60%
17, 21, 40, 42, 43, 80, 272 Lancy-Pont-Rouge, gare/Etoile
60%
22, 23 Grand-Lancy, Lancy Piscine
50%
22, 23, 43 Grand-Lancy, Place du 1er-Août
50%
C7, C9 Plan-les-Ouates, Le Rolliet
50%
Aucun quiz correspondant
Distribution des résultats
% des personnes avec chaque résultat
Percentile par nombre de réponses
Votre historique - résultats
Vous n’avez pas pris ce quiz